000 00460nam a2200181Ia 4500
001 7404
005 20260306160453.0
008 260306t2002||||xx |||||||||||||| ||spa||
041 _aESP
082 _a338.91
_bH41
100 _aHertz, Noreena
_eAUT
245 0 _aEl poder de la sombra:
_bla globalización y la muerte de la democracia
260 _c2002
300 _a263 pƔginas :
_c23 cm.
650 _aGEN
654 _aCAN
942 _cLIB
_dJUS
_fJUS
_2ddc
_n
999 _c7404
_d7404